Tutte le capitali europee - Image quiz - Statistics

Statistiche generali
  • Questo quiz è stato fatto 163 volte
  • Il punteggio medio è 15 su 45
Statistiche sulle risposte
con Immagini Risposta % Corretto
Roma
94%
Atene
81%
Parigi
79%
Mosca
78%
Berlino
77%
Città del Vaticano
76%
Londra
74%
Amsterdam
65%
Budapest
63%
Monaco
62%
Copenaghen
57%
San Marino
51%
Bruxelles
49%
Madrid
47%
Skopje
46%
Dublino
43%
Lisbona
36%
Praga
34%
La Valletta
27%
Zagabria
26%
Kiev
25%
Helsinki
22%
Reykjavík
21%
Berna
18%
Bratislava
18%
Minsk
18%
Bucarest
17%
Tallinn
17%
Vienna
17%
Tirana
16%
Lussemburgo
15%
Vaduz
15%
Varsavia
15%
Stoccolma
13%
Lubiana
11%
Andorra
10%
Oslo
9%
Riga
9%
Belgrado
7%
Vilnius
7%
Sofia
6%
Chișinău
5%
Pristina
5%
Podgorica
4%
Sarajevo
4%
Nessun quiz corrispondente trovato
Distribuzione punteggi
Percentuale di utenti per punteggio
Percentile per numero di risposta
I tuoi punteggi nel tempo
Non hai fatto questo quiz